Prueba de Abjasia. - Estadísticas

Estadísticas generales
  • Esta prueba ha sido intentada 15 veces
  • La puntuación promedio es 4 de 10
Estadísticas de respuestas
Pregunta Respuesta % Correcto
Continente ubicado. Asia | Europa
100%
Idioma oficial. Abjasio | Ruso
79%
Cantidad de presidentes. 5
71%
Países reconocidos. Rusia | Venezuela | Siria | Nauru | Nicaragua
43%
Independización del país. 1992
29%
Capital del país. Sujumi
21%
Presidente del país. Aslan Bzhania
7%
Comida típica. Khachapuri
0%
Régimen. República Presidencialista Unitaria
0%
Mayor reserva del país. Reserva Natural de Ritsa
0%
No se encontraron pruebas coincidentes
Distribución de puntuación
Porcentaje de gente con cada puntuación
Porcentaje por número respondido
Historial de tus puntuaciones
No has intentado esta prueba.